Eran : (Record no. 14259)

000 -LEADER
fixed length control field 02356cam a22002895i 4500
003 - CONTROL NUMBER IDENTIFIER
control field OSt
005 - DATE AND TIME OF LATEST TRANSACTION
control field 20260304192647.0
008 - FIXED-LENGTH DATA ELEMENTS--GENERAL INFORMATION
fixed length control field 241106s2024 ii ab b 000 0 engoc
020 ## - INTERNATIONAL STANDARD BOOK NUMBER
International Standard Book Number 9788195727292
Qualifying information (paperback)
025 ## - OVERSEAS ACQUISITION NUMBER
Overseas acquisition number I-E-2025349533; 58-25
035 ## - SYSTEM CONTROL NUMBER
System control number 24133693
035 ## - SYSTEM CONTROL NUMBER
System control number (OCoLC)1466974132
037 ## - SOURCE OF ACQUISITION
Source of stock number/acquisition Library of Congress -- New Delhi Overseas Office
042 ## - AUTHENTICATION CODE
Authentication code pcc
043 ## - GEOGRAPHIC AREA CODE
Geographic area code a-ii---
050 04 - LIBRARY OF CONGRESS CALL NUMBER
Classification number DS485.S217
Item number C37 2024
082 04 - DEWEY DECIMAL CLASSIFICATION NUMBER
Classification number 954.3
Edition number 23
100 1# - MAIN ENTRY--PERSONAL NAME
Personal name Chadhar, Mohan Lal,
Dates associated with a name 1981-
Relator term author.
245 10 - TITLE STATEMENT
Title Eran :
Remainder of title the rich cultural heritage of lost civilizations /
Statement of responsibility, etc Dr. Mohan Lal Chandhar
300 ## - PHYSICAL DESCRIPTION
Extent 254 pages :
Other physical details color illustrations, color maps ;
Dimensions 28 cm
504 ## - BIBLIOGRAPHY, ETC. NOTE
Bibliography, etc Includes bibliographical references (pages 250-254).
520 ## - SUMMARY, ETC.
Summary, etc "Eran, a site of immense historical and archaeological significance, holds a prominent position in the Chalcolithic cultures of Central India. The excavations conducted in Eran have unearthed a treasure trove of evidence related to the Kayatha, Ahar, Malwa, and Jorwe cultures, providing valuable insights into the ancient civilizations that thrived in the region. The artifacts and remains discovered at Eran have shed light on the cultural practices, technological advancements, and social organization of the Chalcolithic people who once inhabited the area. The architectural marvels of Eran stand as a testament to the ingenuity and craftsmanship of our forebears. The temples, with their austere simplicity, speak of an era when art and architecture were intrinsically linked to spirituality. The monumental pillars, crowned with back-to-back human figures, leave us awestruck by the mastery of ancient sculptors. This book seeks to provide a comprehensive account of the various inscriptions obtained from Eran, offering readers a deeper understanding of the rich cultural heritage of lost civilizations. Through the study of these inscriptions, we aim to preserve and celebrate the legacy of Eran's past, ensuring that its significant contributions to India's history remain cherished and well-appreciated."
Uniform Resource Identifier <a href="https://www.bagchee.com/books/BB138354/eran-rich-cultural-heritage-of-lost-civilizations">https://www.bagchee.com/books/BB138354/eran-rich-cultural-heritage-of-lost-civilizations</a>
650 #0 - SUBJECT ADDED ENTRY--TOPICAL TERM
Topical term or geographic name as entry element Hindu sculpture
Geographic subdivision India
-- Eran (Extinct city)
651 #0 - SUBJECT ADDED ENTRY--GEOGRAPHIC NAME
Geographic name Eran (Extinct city)
651 #0 - SUBJECT ADDED ENTRY--GEOGRAPHIC NAME
Geographic name Sāgar (India : District)
General subdivision Antiquities.
942 ## - ADDED ENTRY ELEMENTS (KOHA)
Source of classification or shelving scheme
Holdings
Withdrawn status Lost status Source of classification or shelving scheme Damaged status Koha normalized classification for sorting Not for loan Permanent location Current location Shelving location Date acquired Full call number Barcode Date last seen Price effective from Koha item type
        954_300000000000000   BMS College of Architecture, Design and Planning BMS College of Architecture, Design and Planning General Stacks 2025-12-16 954.3 AR-UG5151 2026-02-10 2026-02-10 UG Books
Copyright © 2025, The Librarian, Library and Information Centre, BMSCA D&P, Bengaluru. All Rights Reserved
web counter

Powered by Koha